Anleitung zur Erlernung der Portugiesischen sprache / (Record no. 24076)

MARC details
000 -LEADER
campo de control de longitud fija 00411nam a2200145 i 4500
001 - NÚMERO DE CONTROL
campo de control 24076
003 - IDENTIFICADOR DE NÚMERO DE CONTROL
campo de control ES-MaACL
007 - CAMPO FIJO DE DESCRIPCIÓN FÍSICA--INFORMACIÓN GENERAL
campo de control de longitud fija t|
008 - DATOS DE LONGITUD FIJA--INFORMACIÓN GENERAL
campo de control de longitud fija 021216s1885 gw ||||1| ger d
100 1# - ENTRADA PRINCIPAL--NOMBRE DE PERSONA
Nombre de persona Anstett, Philipp.
9 (RLIN) 21855
245 10 - MENCIÓN DEL TÍTULO
Título Anleitung zur Erlernung der Portugiesischen sprache /
Mención de responsabilidad, etc. Philipp Anstett.
260 ## - PUBLICACIÓN, DISTRIBUCIÓN, ETC.
Lugar de publicación, distribución, etc. Frankfurt :
Nombre del editor, distribuidor, etc. Carl Jugel's,
Fecha de publicación, distribución, etc. 1885.
300 ## - DESCRIPCIÓN FÍSICA
Extensión 2 v. ;
Dimensiones 18 cm.
852 ## - LOCALIZACIÓN
Ubicación ES-MaACL
Número de control de estantería G-239-40
Holdings
Estatus retirado Estado de pérdida Estado de daño No para préstamo Colección Biblioteca de origen Biblioteca actual Ubicación en estantería Fecha de adquisición Fuente de adquisición Total de préstamos Signatura topográfica completa Código de barras Visto por última vez Precio de reemplazo Tipo de ítem Koha
        Libros del s. XIX Biblioteca del Ateneo de Madrid Biblioteca del Ateneo de Madrid Depósito 2 17/01/2008     G-239-40 1024814 23/02/2023 23/02/2023 Libro impreso antiguo